=LDR 00000nam 2200000 4500 =001 INLIS000000000049398 =005 20170216074050.0 =006 =007 =008 =020 ##$$a 978-602-99774-2-4 =035 ##$$0010-021700000000190 =040 ##$$a NBPDMAT =082 ##$$a 899.221 3 =090 ##$$a 899.221 3 $bPao g =100 ##$$a Paox Iben Mudhaffar =245 ##$$a Gadis gurun $c / Paox Iben Mudhaffar =250 ##$$a Cet. 1 =260 ##$$a Mataram $b Institut Rumah Arus $c 2012 =300 ##$$a viii, 264 hlm. ; $c 18 cm =500 ##$$a Biografi hlm : 263 - 264 =650 ##$$a Fiksi - Indonesia =850 ##$$a NBPDMAT =990 ##$$a 21505980 =990 ##$$a 21505981 =990 ##$$a 21505982 =990 ##$$a 21505983 =990 ##$$a 21505984